000 00707nam a22002297a 4500
999 _c4310
_d4310
003 AR-CdUCM
008 190308b ||||| |||| 00| 0 spa d
040 _aMUNICIPALIDAD PROVINCIAL DEL CUSCO
_cBIBLIOTECA MUNICIPAL DEL CUSCO
041 _heng
082 _a828.8 /
_bAI32
100 _aAinsworth, William Harrison
_913618
245 _aAventuras de Dick Turpin /
260 _aBarcelona :
_bMateu,
_c1958.
300 _a259 páginas ;
_c18 cm.
440 _aJuvenil Cadete
_n52
_913619
650 _aLiteratura inglesa
_91015
650 _aNovela de Aventura
_913620
650 _aSiglo XIX
_9971
700 _aFábregas, Marta (Traductora)
_913621
942 _2ddc
_cLIBROS
945 _araen